Southville International School and Colleges
Your cart is empty.
  • Cart
  • Lists
    Public lists Eva Luna New books Lux_list list_1
    Your lists Log in to create your own lists
  • Log in to your account
  • Your cookies
  • Search history
Southville International School and Colleges
  • Advanced search
  • Recent comments
  • Most popular
  • Libraries

Log in to your account

Log in with GOOGLE


If you do not have an external account, but do have a local account, you can still log in:

  1. Home
  2. MARC view: Essentials of nursing informatics /
Normal view MARC view ISBD view

Essentials of nursing informatics / (Record no. 23207)

[ view plain ]
MARC details
000 -LEADER
fixed length control field 00674nam a2200229 a 4500
005 - DATE AND TIME OF LATEST TRANSACTION
control field 20140310183445.0
008 - FIXED-LENGTH DATA ELEMENTS--GENERAL INFORMATION
fixed length control field 080924s19uu xx 00 eng d
020 ## - INTERNATIONAL STANDARD BOOK NUMBER
International Standard Book Number 9780071248426
050 ## - LIBRARY OF CONGRESS CALL NUMBER
Classification number RT 50.5
Item number .Sa113 2006
100 ## - MAIN ENTRY--PERSONAL NAME
Personal name Saba, Virginia K.
245 ## - TITLE STATEMENT
Title Essentials of nursing informatics /
Statement of responsibility, etc Virginia K. Saba.
260 ## - PUBLICATION, DISTRIBUTION, ETC. (IMPRINT)
Place of publication, distribution, etc Asia :
Name of publisher, distributor, etc McGraw-Hill,
Date of publication, distribution, etc 2006.
300 ## - PHYSICAL DESCRIPTION
Extent 705 p. :
Other physical details ill. ;
Dimensions 27 cm.
521 ## - TARGET AUDIENCE NOTE
Target audience note
650 ## - SUBJECT ADDED ENTRY--TOPICAL TERM
Topical term or geographic name as entry element Nursing Books.
650 ## - SUBJECT ADDED ENTRY--TOPICAL TERM
Topical term or geographic name as entry element Nursing
General subdivision Data processing.
650 ## - SUBJECT ADDED ENTRY--TOPICAL TERM
Topical term or geographic name as entry element Computers.
650 ## - SUBJECT ADDED ENTRY--TOPICAL TERM
Topical term or geographic name as entry element Information storage and retrievals systems
General subdivision Nursing.
700 ## - ADDED ENTRY--PERSONAL NAME
Personal name McCormick, Kathleen A.
942 ## - ADDED ENTRY ELEMENTS (KOHA)
Koha item type Books
Source of classification or shelving scheme Library of Congress Classification
Call number prefix Foreign
Holdings
Withdrawn status Lost status Source of classification or shelving scheme Damaged status Home library Current library Shelving location Date acquired Source of acquisition Total Checkouts Full call number Barcode Date last seen Copy number Price effective from Koha item type
    Library of Congress Classification   College Library College Library General Circulation Section 09/24/2008 Donation   RT 50.5 .Sa113 2006 C9788 05/15/2018 1 10/18/2013 Books

Essentials of nursing informatics /

APA

Saba V. K., McCormick K. A., . (2006). Essentials of nursing informatics. Asia: McGraw-Hill.

Chicago

Saba Virginia K, McCormick Kathleen A, . 2006. Essentials of nursing informatics. Asia: McGraw-Hill.

Harvard

Saba V. K., McCormick K. A., . (2006). Essentials of nursing informatics. Asia: McGraw-Hill.

MLA

Saba Virginia K, McCormick Kathleen A, . Essentials of nursing informatics. Asia: McGraw-Hill. 2006.

  • Place hold
  • Print
  • Cite
  • Add to your cart (remove)
  • Save record
    BIBTEX Dublin Core MARCXML MARC (non-Unicode/MARC-8) MARC (Unicode/UTF-8) MARC (Unicode/UTF-8, Standard) MODS (XML) RIS
  • More searches
    Search for this title in:
    Other Libraries (WorldCat) Other Databases (Google Scholar) Online Stores (Bookfinder.com) Open Library (openlibrary.org)

Exporting to Dublin Core...

SOUTHVILLE LIBRARY

Southville International School and Colleges Library

1281 Tropical Ave. Cor. Luxembourg St., BF Homes International, Las Pinas City

Tel. No. 8256374 / 252358 Loc. 117/146

Powered by Koha